Libro del gentil y los tres sabios / (Record no. 168800)

MARC details
000 -LEADER
campo de control de longitud fija 01213nam a2200289 i 4500
001 - NÚMERO DE CONTROL
campo de control 168800
003 - IDENTIFICADOR DE NÚMERO DE CONTROL
campo de control ES-MaACL
005 - FECHA Y HORA DE LA ÚLTIMA TRANSACCIÓN
campo de control 20250808062730.0
008 - DATOS DE LONGITUD FIJA--INFORMACIÓN GENERAL
campo de control de longitud fija 080610s2007 sp |||| | spa d
020 ## - NÚMERO INTERNACIONAL ESTÁNDAR DEL LIBRO
Número Internacional Estándar del Libro 978-84-7914-911-6
080 ## - NÚMERO DE LA CLASIFICACIÓN DECIMAL UNIVERSAL
Número de la Clasificación Decimal Universal 2:1Lluc,Ramón
100 0# - ENTRADA PRINCIPAL--NOMBRE DE PERSONA
Nombre de persona Ramón Llull,
Títulos y otros términos asociados al nombre Beato,
Fechas asociadas al nombre ca. 1232-1316?
9 (RLIN) 95219
245 10 - MENCIÓN DEL TÍTULO
Título Libro del gentil y los tres sabios /
Mención de responsabilidad, etc. Raimundo Lulio ; estudio preliminar por Aurora Gutiérrez Gutiérrez y Paloma Pernil Alarcón ; texto, traducción y notas por Matilde Conde Salazar.
260 ## - PUBLICACIÓN, DISTRIBUCIÓN, ETC.
Lugar de publicación, distribución, etc. Madrid :
Nombre del editor, distribuidor, etc. Biblioteca de Autores Cristianos :
-- Universidad Nacional de Educación a Distancia,
Fecha de publicación, distribución, etc. 2007.
300 ## - DESCRIPCIÓN FÍSICA
Extensión XIV, 250, 541 p. ;
Dimensiones 20 cm.
490 1# - MENCIÓN DE SERIE
Mención de serie Biblioteca de autores cristianos ;
Designación de volumen o secuencia 671
504 ## - NOTA DE BIBLIOGRAFÍA, ETC.
Nota de bibliografía, etc. Bibliografía.
546 ## - NOTA DE IDIOMA
Nota de lengua/lenguaje Texto de la obra en latín y traducción en castellano.
600 04 - PUNTO DE ACCESO ADICIONAL DE MATERIA--NOMBRE DE PERSONA
Nombre de persona Ramón Llull,
Títulos y otros términos asociados al nombre Beato,
Fechas asociadas al nombre ca. 1232-1316?
9 (RLIN) 95219
650 17 - PUNTO DE ACCESO ADICIONAL DE MATERIA--TÉRMINO DE MATERIA
Término de materia o nombre geográfico como elemento de entrada Teología
Fuente del encabezamiento o término embne
9 (RLIN) 17457
650 07 - PUNTO DE ACCESO ADICIONAL DE MATERIA--TÉRMINO DE MATERIA
Término de materia o nombre geográfico como elemento de entrada Religión y filosofía
Fuente del encabezamiento o término embne
9 (RLIN) 16811
700 1# - ENTRADA AGREGADA--NOMBRE PERSONAL
Nombre de persona Gutiérrez Gutiérrez, Aurora.
9 (RLIN) 137914
700 1# - ENTRADA AGREGADA--NOMBRE PERSONAL
Nombre de persona Conde Salazar, Matilde.
9 (RLIN) 137915
830 00 - PUNTO DE ACCESO ADICIONAL DE SERIE-TÍTULO UNIFORME
Título uniforme Biblioteca de autores cristianos
Designación de volumen o secuencia 671
9 (RLIN) 178679
852 ## - LOCALIZACIÓN
Ubicación ES-MaACL
Número de control de estantería J-658
Holdings
Estatus retirado Estado de pérdida Estado de daño No para préstamo Biblioteca de origen Biblioteca actual Ubicación en estantería Fecha de adquisición Fuente de adquisición Total de préstamos Signatura topográfica completa Código de barras Visto por última vez Precio de reemplazo Tipo de ítem Koha
        Biblioteca del Ateneo de Madrid Biblioteca del Ateneo de Madrid Depósito 2 10/06/2008     J-658 1177143 23/02/2023 23/02/2023 Libro impreso